[Event "Rishon Le Ziyyon-ch U18"]
[Site "Rishon Le Ziyyon"]
[Date "2023.03.29"]
[Round "2"]
[White "Azoulay, Yehonatan"]
[Black "Magen, Ofek"]
[Result "1-0"]
[WhiteElo "1821"]
[BlackElo "1507"]
[PlyCount "77"]
[EventDate "2023.03.28"]
[EventType "swiss"]
[EventRounds "9"]
[EventCountry "ISR"]
[SourceTitle "CBM 213 Extra"]
[Source "ChessBase"]
[SourceDate "2023.05.31"]
[SourceVersion "1"]
[SourceVersionDate "2023.05.31"]
[SourceQuality "1"]

1. e4 c5 2. Nf3 d6 3. d4 cxd4 4. Qxd4 Nc6 5. Bb5 Bd7 6. Bxc6 Bxc6 7. Nc3 Nf6 8. Bg5 e6 9. 0-0-0 Be7 10. Bxf6 Bxf6 11. Qxd6 Qxd6 12. Rxd6 Ke7 13. Rhd1 Rhd8 14. Rxd8 Rxd8 15. e5 Rxd1+ 16. Nxd1 Bxe5 17. Nxe5 Bxg2 18. Ne3 Bh1 19. Kd2 f6 20. Nd3 b6 21. Ke2 Bb7 22. c4 Kd6 23. b4 Ba6 24. Kd2 Bc8 25. Kc3 g5 26. a4 h5 27. Nc2 e5 28. c5+ Kc7 29. Ne3 e4 30. Nb2 f5 31. Nd5+ Kb7 32. Kd4 bxc5+ 33. bxc5 Be6 34. Ke5 Bxd5 35. Kxd5 h4 36. Kd6 Kc8 37. c6 g4 38. c7 e3 39. Kc6 1-0